<?xml version="1.0" encoding="UTF-8"?>
<collection xmlns="http://www.loc.gov/MARC21/slim">
    <record>
        <controlfield tag="001">9054</controlfield>
        <controlfield tag="005">20170831220417.0</controlfield>
        <datafield tag="037" ind1=" " ind2=" ">
            <subfield code="a">TAZ-TFM-2012-791</subfield>
        </datafield>
        <datafield tag="041" ind1=" " ind2=" ">
            <subfield code="a">spa</subfield>
        </datafield>
        <datafield tag="100" ind1="1" ind2=" ">
            <subfield code="a">Argiles Casaseca, Marina</subfield>
        </datafield>
        <datafield tag="245" ind1="0" ind2="0">
            <subfield code="a">Evaluación de dos métodos para inyección de la bolsa podotroclear en caballos: comparación entre inyección ecoguiada y la técnica de abordaje palmarodistal a la posición del navicular</subfield>
        </datafield>
        <datafield tag="260" ind1=" " ind2=" ">
            <subfield code="a">Zaragoza</subfield>
            <subfield code="b">Universidad de Zaragoza</subfield>
            <subfield code="c">2012</subfield>
        </datafield>
        <datafield tag="506" ind1=" " ind2=" ">
            <subfield code="a">by-nc-sa</subfield>
            <subfield code="b">Creative Commons</subfield>
            <subfield code="c">3.0</subfield>
            <subfield code="u">http://creativecommons.org/licenses/by-nc-sa/3.0/</subfield>
        </datafield>
        <datafield tag="520" ind1=" " ind2=" ">
            <subfield code="a">Las cojeras son una de las principales causas de atención veterinaria en los caballos de deporte (Floyd, 2007). La enfermedad del navicular ha sido considerada una de las causas más comunes de cojera en las extremidades anteriores en caballos (Ross, 2011). En 1752, se reconoció que los cambios en el hueso sesamoideo distal (hueso navicular) se correlacionaban con cojeras clínicas (citado en Turner, 1986). En un estudio, se encontró que el síndrome del navicular era el responsable de aproximadamente un tercio de casos de cojeras crónicas que afectaban a los caballos (Stashak, 2004). Este síndrome es el responsable de la pérdida funcional de muchos caballos de competición y, a pesar de que ha estado presente durante siglos, persiste una controversia considerable que busca su patogenia, diagnóstico y tratamiento (Stashak, 2004). La enfermedad del navicular es un proceso crónico y a menudo progresivo, que afecta tanto al hueso navicular como a la bursa podotroclear (BP), así como al tendón flexor digital profundo (TFDP) y a otros tejidos blandos asociados que componen el aparato podotroclear, por lo que se ha propuesto que la mejor denominación de esta patología es la de síndrome podotroclear (Adams, 1998).</subfield>
        </datafield>
        <datafield tag="521" ind1=" " ind2=" ">
            <subfield code="a">Máster Universitario en Iniciación a la Investigación en Ciencias Veterinarias</subfield>
        </datafield>
        <datafield tag="540" ind1=" " ind2=" ">
            <subfield code="a">Derechos regulados por licencia Creative Commons</subfield>
        </datafield>
        <datafield tag="653" ind1="1" ind2=" ">
            <subfield code="a">métodos de inyección</subfield>
        </datafield>
        <datafield tag="653" ind1="1" ind2=" ">
            <subfield code="a">bolsa podotroclear</subfield>
        </datafield>
        <datafield tag="653" ind1="1" ind2=" ">
            <subfield code="a">caballo</subfield>
        </datafield>
        <datafield tag="700" ind1=" " ind2=" ">
            <subfield code="a">Gómez Ochoa, Pablo</subfield>
            <subfield code="e">dir.</subfield>
        </datafield>
        <datafield tag="710" ind1="2" ind2=" ">
            <subfield code="a">Universidad de Zaragoza</subfield>
            <subfield code="b">Patología Animal</subfield>
            <subfield code="c">Medicina y Cirugía Animal</subfield>
        </datafield>
        <datafield tag="856" ind1="0" ind2=" ">
            <subfield code="f">542945@celes.unizar.es</subfield>
        </datafield>
        <datafield tag="856" ind1="4" ind2=" ">
            <subfield code="s">1727211</subfield>
            <subfield code="u">http://zaguan.unizar.es/record/9054/files/TAZ-TFM-2012-791.pdf</subfield>
            <subfield code="y">Memoria (spa)</subfield>
        </datafield>
        <datafield tag="909" ind1="C" ind2="O">
            <subfield code="o">oai:zaguan.unizar.es:9054</subfield>
            <subfield code="p">trabajos-fin-master</subfield>
            <subfield code="p">driver</subfield>
        </datafield>
        <datafield tag="950" ind1=" " ind2=" ">
            <subfield code="a"></subfield>
        </datafield>
        <datafield tag="980" ind1=" " ind2=" ">
            <subfield code="a">TAZ</subfield>
            <subfield code="b">TFM</subfield>
            <subfield code="c">VET</subfield>
        </datafield>
    </record>

    
</collection>